000
00236 a2200097 4500
020
_a
9789369890231
100
_a
Priyambada Jayakumar
245
_a
M S Swaminathan : the man who fed India
260
_b
Harper Collins
_c
2025
942
_c
OO
999
_c
115200
_d
115199